Statistics for Classical Composers Quiz

Click here to take the quiz!

General Stats

  • This quiz has been taken 56 times
  • The average score is 45 of 104

Answer Stats

WorkComposer% Correct
Eine kleine NachtmusikWolfgang Amadeus Mozart
97%
The Four SeasonsAntonio Vivaldi
95%
Sonata PathétiqueLudwig van Beethoven
95%
Water MusicGeorge Frideric Handel
92%
BoléroMaurice Ravel
92%
1812 OverturePyotr Ilyich Tchaikovsky
92%
Berlin SymphoniesCarl Philipp Emanuel Bach
89%
Goldberg VariationsJohann Sebastian Bach
89%
New World SymphonyAntonín Dvořák
86%
Unfinished SymphonyFranz Schubert
86%
Minute WaltzFrédéric Chopin
84%
PetroushkaIgor Stravinsky
84%
Die FledermausJohann Strauss
84%
Surprise SymphonyJoseph Haydn
84%
Also sprach ZarathustraRichard Strauss
84%
La merClaude Debussy
81%
LiebesträumeFranz Liszt
81%
Das RheingoldRichard Wagner
81%
KinderszenenRobert Schumann
81%
AidaGiuseppe Verdi
78%
Danse macabreCamille Saint-Saëns
76%
TurandotGiacomo Puccini
76%
Pictures at an ExhitbitionModest Mussorgsky
73%
Resurrection SymphonyGustav Mahler
70%
Symphonie fantastiqueHector Berlioz
70%
German RequiemJohannes Brahms
70%
Adagio for StringsSamuel Barber
65%
Appalachian SpringAaron Copland
62%
An American in ParisGeorge Gershwin
62%
Romanian Folk DancesBéla Bartók
57%
Au fond du temple saintGeorges Bizet
57%
Karelia SuiteJean Sibelius
57%
The Lark AscendingRalph Vaughan Williams
57%
War and PeaceSergei Prokofiev
57%
The War RequiemBenjamin Britten
54%
Festive OvertureDmitri Shostakovich
54%
Wedding Day at TroldhaugenEdvard Grieg
54%
Salut d'AmourEdward Elgar
54%
VocaliseSergei Rachmaninoff
54%
Dolly SuiteGabriel Fauré
51%
ThaïsJules Massenet
51%
La gazza ladraGioachino Rossini
49%
El amor brujoManuel de Falla
49%
Prince IgorAlexander Borodin
46%
GermanenzugAnton Bruckner
46%
L'OrfeoClaudio Monteverdi
43%
Cat FugueDominico Scarlatti
43%
The Fairy QueenHenry Purcell
43%
A Survivor from WarsawArnold Schoenberg
38%
ThaxtedGustav Holst
38%
Má vlastBedřich Smetana
35%
OberonCarl Maria von Weber
35%
The unanswered QuestionCharles Ives
35%
Orfeo ed EuridiceChristoph Willibald Gluck
35%
Music of ChangesJohn Cage
35%
The Poem of EcstasyAlexander Scriabin
32%
La belle excentriqueErik Satie
32%
JenůfaLeoš Janáček
32%
Ruslan and LyudmilaMikhail Glinka
32%
LuluAlban Berg
30%
Christmas ConcertoArcangelo Corelli
30%
Concerto for Nine InstrumentsAnton Webern
27%
La voix humaineFrancis Poulenc
27%
Roberto DevereuxGaetano Donizetti
27%
PsychéCésar Franck
24%
Funeral March of a MarionetteCharles Gounod
24%
Missa Papae MarcelliGiovanni Pierluigi da Palestrina
24%
Les Indes galantesJean-Philippe Rameau
24%
Catalogue d'oiseauxOlivier Messiaen
24%
Stenka RazinAlexander Glazunov
22%
An Imaginary Trip to the Faroe IslandsCarl Nielsen
22%
PimpinoneGeorg Philipp Telemann
22%
Achille et PolyxèneJean-Baptiste Lully
22%
Roman TrilogyOttorino Respighi
22%
Los Pajaros de ChilePablo de Sarasate
22%
La sonnambulaVincenzo Bellini
22%
Quotiescunque manducabitisWilliam Byrd
22%
Fantasie pastoraleHenryk Wieniawski
19%
Ordo VirtutumHildegard von Bingen
19%
In Darkness Let Me DwellJohn Dowland
19%
PagliacciRuggero Leoncavallo
19%
Gaude gloriosa Dei MaterThomas Tallis
19%
ScaramoucheDarius Milhaud
16%
Les Barricades MystérieusesFrançois Couperin
16%
PenthesileaHugo Wolf
16%
Portsmouth PointWilliam Walton
16%
Wie schön leuchtet der MorgensternDietrich Buxtehude
14%
Das Wunder der HelianeErich Wolfgang Korngold
14%
L'OlimpiadeGiovanni Battista Pergolesi
14%
CabildoAmy Beach
11%
Omnes GentesGiovanni Gabrieli
11%
Messe de Nostre DameGuillaume de Machaut
11%
Ecclesie MilitantisGuillaume Du Fay
11%
Die sieben Worte Jesu Christi am KreuzHeinrich Schütz
11%
Missa Hercules Dux FerrariaeJosquin des Prez
11%
The Lost ChordArthur Sullivan
8%
L'AfricaineGiacomo Meyerbeer
8%
Grande fantaisie sur des thèmes slavesHenri Vieuxtemps
8%
ÉtincellesMoritz Moszkowski
8%
The Hunter's MassOrlande de Lassus
8%
Exiit sermoPérotin
8%
Lamentations of JeremiahTomás Luis de Victoria
8%
Organum duplum: Judaea et JerusalemLéonin
5%
Faust et HélèneLili Boulanger
5%

Score Distribution

Percentile by Number Answered

Percent of People with Each Score

Your Score History

You have not taken this quiz